LEADER 01352nam--2200421---450- 001 990002689080203316 005 20070222092208.0 010 $a88-555-2763-0 035 $a000268908 035 $aUSA01000268908 035 $a(ALEPH)000268908USA01 035 $a000268908 100 $a20051123d2004----km-y0itay50------ba 101 0 $aita 102 $aIT 105 $aa|||z|||001yy 200 1 $a<> bellezza del corpo nella societā tardoantica$erappresentazioni visive e valutazioni estetiche tra cultura classica e cristianesimo$fValerio Neri 210 $aBologna$cPātron$d2004 215 $a413 p.$cill.$d24 cm 225 2 $aStudi di storia$v10 410 0$12001$aStudi di storia$v10 454 1$12001 461 1$1001------$12001 606 0 $aEstetica$yGrecia antica 606 0 $aEstetica$yRoma antica 676 $a111.850938 700 1$aNERI,$bValerio$0153836 801 0$aIT$bsalbc$gISBD 912 $a990002689080203316 951 $aII.1.A. 1029(IV C 3958)$b181220 L.M.$cIV C$d00179604 959 $aBK 969 $aUMA 979 $aPECORARO$b90$c20051123$lUSA01$h1124 979 $aPECORARO$b90$c20051128$lUSA01$h1317 979 $aPECORARO$b90$c20051128$lUSA01$h1318 979 $aCOPAT6$b90$c20070222$lUSA01$h0922 996 $aBellezza del corpo nella societā tardoantica$91003162 997 $aUNISA LEADER 01059nam 2200373 450 001 9910555266803321 005 20190320122627.0 010 $a0-89118-201-2 035 $a(CKB)3810000000041894 035 $a(WaSeSS)IndRDA00111512 035 $a(EXLCZ)993810000000041894 100 $a20190320d1961 uy 0 101 0 $aeng 135 $aur||||||||||| 181 $ctxt$2rdacontent 182 $cc$2rdamedia 183 $acr$2rdacarrier 200 00$aOats and oat improvement /$fedited by Franklin A. Coffman 210 1$aMadison, Wisconsin :$cAmerican Society of Agronomy,$d1961. 215 $a1 online resource (650 pages) 225 1 $aAgronomy Monograph ;$v8 311 $a0-89118-009-5 410 0$aAgronomy ;$v8. 606 $aOats 608 $aElectronic books. 615 0$aOats. 676 $a633.13 702 $aCoffman$b Franklin A$g(Franklin Arthur),$f1892- 801 0$bWaSeSS 801 1$bWaSeSS 906 $aBOOK 912 $a9910555266803321 996 $aOats and oat improvement$92816382 997 $aUNINA